| 000 | 01018nam a2200265Ia 4500 | ||
|---|---|---|---|
| 001 | 16232 | ||
| 003 | GE_BSU | ||
| 008 | 181216s||||||||xx |||||||||||||| ||und|| | ||
| 020 | _aISBN 978-9941-3-311-4 | ||
| 040 | _cGE_BSU | ||
| 080 | _a556.1.08(075.8)+ 627.133 | ||
| 100 | _aალავერდაშვილი მერაბ,გიორგი ბრეგვაძე, | ||
| 245 | _aჰიდრომეტრია : [სახელმძღვ.] | ||
| 245 | _cრედ. დავით კერესელიძე | ||
| 250 | _aივ. ჯავახიშვილის სახ. თსუ | ||
| 260 | _aთბილისი | ||
| 260 | _bთბილ. უნ-ტის გამ-ბა, | ||
| 260 | _c2014 | ||
| 300 | _a179გვ;ილ;25სმ | ||
| 300 | _bბიბლიოგრ.: გვ. 176-177 | ||
| 541 | _h11ლ. | ||
| 653 | _aგეოგრაფია | ||
| 653 | _aჰიდრომეტრია - სახელმძღვანელოები | ||
| 942 | _cBK | ||
| 999 |
_c49316 _d49316 |
||